00291nam a22001097a 4500082002000000100002000020245007400040260001000114300001200124563000800136650003700144 a345.549105bALI aAli, Ch. Asghar aThe Law of Disposal of Property:bqanun-e-superdari /cCh. Asghar Ali c2018. a407 p.  aHB. aLaw, Law of Disposal of Property